| 000 | 00347nam a2200121Ia 4500 | ||
|---|---|---|---|
| 008 | 220216s9999 xx 000 0 und d | ||
| 100 | _aBassili A | ||
| 245 | 0 | _aInvestment in rubberwood processing : Some nonfinancial points to consider | |
| 260 |
_bWood News _c1997 |
||
| 300 | _a37-41 | ||
| 650 | _aRubberwood processing investment | ||
| 942 | _cJS | ||
| 999 |
_c61660 _d61660 |
||